| 000 | 00644nam a22001697a 4500 | ||
|---|---|---|---|
| 003 | OSt | ||
| 005 | 20171010095531.0 | ||
| 008 | 121005t xxu||||| |||| 00| 0 eng d | ||
| 040 |
_aMMSU _cULS |
||
| 100 |
_aDumayas, Roderic D., Pumaras, Elwin A., Tolentino, Adrian A. _913147 |
||
| 245 |
_aThe effect of black sand as a fine aggregate for concrete _cRoderic D. Dumayas, Elwin A. Pumars, Adrian A. Tolentino |
||
| 260 | _c2008 | ||
| 300 |
_axiii, [65] leaves _c28 cm. |
||
| 500 | _aThesis (BS Civil Engineering) -- Mariano Marcos State University-College of Engineering, Batac City | ||
| 504 | _aBibliography: leaf 30 | ||
| 942 |
_2ddc _cTHEDIS |
||
| 999 |
_c9818 _d9818 |
||